| 000 | 00466nam a2200169Ia 4500 | ||
|---|---|---|---|
| 005 | 20250423101214.0 | ||
| 008 | 250422s9999 xx 000 0 und d | ||
| 020 | _a9780749459741 | ||
| 050 | _aHF 5549.5 .B76/ | ||
| 100 | _aBrown, J. N. | ||
| 245 | 4 | _aThe complete guide to recruitment: a step-by-step approach to selecting, assessing and hiring the right people | |
| 260 | _aLondon | ||
| 260 | _bKoganPage | ||
| 260 | _c2011 | ||
| 300 | _a246 p | ||
| 942 | _cBK | ||
| 999 |
_c35608 _d35608 |
||